Précis historique et chronologique de la littérature française depuis ses origines jusqu'a nos jours / (Record no. 152507)

MARC details
000 -LEADER
campo de control de longitud fija 00701nam a22001935i 4500
001 - NÚMERO DE CONTROL
campo de control 152507
003 - IDENTIFICADOR DE NÚMERO DE CONTROL
campo de control ES-MaACL
005 - FECHA Y HORA DE LA ÚLTIMA TRANSACCIÓN
campo de control 20250801094346.0
008 - DATOS DE LONGITUD FIJA--INFORMACIÓN GENERAL
campo de control de longitud fija 051014s1886 fr | |||||||| ||fre d
040 ## - FUENTE DE CATALOGACIÓN
Centro catalogador/agencia de origen CAM
Lengua de catalogación spa
Centro/agencia transcriptor CAM
100 1# - ENTRADA PRINCIPAL--NOMBRE DE PERSONA
Nombre de persona Bougeault, Alfred.
9 (RLIN) 30875
245 10 - MENCIÓN DEL TÍTULO
Título Précis historique et chronologique de la littérature française depuis ses origines jusqu'a nos jours /
Mención de responsabilidad, etc. par Alfred Bougeault.
250 ## - MENCION DE EDICION
Mención de edición 10e éd.
260 ## - PUBLICACIÓN, DISTRIBUCIÓN, ETC.
Lugar de publicación, distribución, etc. Paris :
Nombre del editor, distribuidor, etc. Librairie Ch. Delagrave,
Fecha de publicación, distribución, etc. 1886 (
Lugar de fabricación/manufactura Corbeil :
Fabricante Typ. et stér. Crété)
300 ## - DESCRIPCIÓN FÍSICA
Extensión VIII, 460 p. ;
Dimensiones 17 cm.
650 #7 - PUNTO DE ACCESO ADICIONAL DE MATERIA--TÉRMINO DE MATERIA
Término de materia o nombre geográfico como elemento de entrada Literatura francesa
Fuente del encabezamiento o término embne
9 (RLIN) 14582
852 ## - LOCALIZACIÓN
Ubicación ES-MaACL
Número de control de estantería G-8039
Nota libre -- Enc. pasta española
Holdings
Estatus retirado Estado de pérdida Estado de daño No para préstamo Colección Biblioteca de origen Biblioteca actual Ubicación en estantería Fecha de adquisición Fuente de adquisición Total de préstamos Signatura topográfica completa Código de barras Visto por última vez Precio de reemplazo Tipo de ítem Koha
        Libros del s. XIX Biblioteca del Ateneo de Madrid Biblioteca del Ateneo de Madrid Sala Pecera Planta 3 17/01/2008     G-8039 1159252 23/02/2023 23/02/2023 Libro impreso antiguo